CSR on the Example of Slovak Enterprise

Vývoj a piliere sociálnej zodpovednosti podnikov. Baťizmus. Metódy a charakteristika sociálnej zodpovednosti podnikov.

Saved in:
Bibliographic Details
Main Author: Mihalčová, Bohuslava, 1963-
Other Authors: Pružinský, Michal, 1952-, Mizla, Martin, 1955-
Format: Book Chapter
Language:English
Subjects:
Tags: Add Tag
No Tags, Be the first to tag this record!

MARC

LEADER 00000naa$a2200000$$$4500
001 0241511
005 20240502073931.4
041 0 |a eng 
044 |a SK 
245 1 0 |a CSR on the Example of Slovak Enterprise  |c Bohuslava Mihalčová, Michal Pružinský, Martin Mizla 
520 |a Vývoj a piliere sociálnej zodpovednosti podnikov. Baťizmus. Metódy a charakteristika sociálnej zodpovednosti podnikov. 
610 2 0 |a batizmus 
610 2 0 |a Slovensko 
610 2 0 |a zodpovednosť podniku spoločenská 
610 2 0 |a podnikanie 
100 1 |a Mihalčová, Bohuslava, 1963- 
700 1 |a Pružinský, Michal, 1952- 
700 1 |a Mizla, Martin, 1955-